000 00270nam a2200109Ia 4500
008 190216s9999||||xx |||||||||||||| ||und||
100 _a"Kavithasamithi, Trivanathapuram"
245 0 _aKalidasa Kavitha
260 _bNational Book Stall
650 _aPadanam
942 _cBK
999 _c24326
_d24326